Retrouve le personnage de Fairy Tail grâce au nom de sa technique - Statistiques

Statistiques générales
  • Ce quiz a été pris 477 fois
  • Le résultat moyen est 21 sur 40
Statistiques - réponses
Hint Réponse % Correct
Prison d'Eau Jubia
89%
Marteau de Glace Grey
86%
Hurlement du Roi Dragon de Feu Natsu
86%
Pilier du Dragon d'Acier Gajil
85%
Mâchoire du Dragon de la Foudre Luxus
84%
Crocs Perçants du Dragon Venimeux Cobra
83%
Souffle Sacré du Dragon Blanc Sting
79%
Parfum de la Force Ichiya
76%
Beast Soul Elfman
74%
Satan Soul Mirajane
73%
Solid Script Reby
73%
Forme d'Ombre Rog
73%
Arche du Temps Ultia
73%
Transformation Générale en Carte Kanna
67%
Armure de la Nature Erza
65%
Mitrailleuse Féerique: Leprechaun Evergreen
65%
Ecrits de l'Ombre: Souffrance Fried
64%
Regulus Impact Loki/Leo
63%
Urano Metria Lucy
60%
Sand World Ajil
54%
Fureur du Géant Makarof
52%
Dragon de Glace Leon
51%
Formation Baryon Bixrow
49%
Commandement T: Réduction Brandish
46%
Danse du Dieu Céleste Cherrya
46%
Grand Chariot Jellal
43%
Illusion Magique: Faune Illusoire Mavis
42%
Magie des Chaînes Hadès
36%
Orbe de la Mort Zeleph
35%
Universe One Eileen
32%
Memento Mori Mard Gheer
27%
Epée Musica Panther Lily
27%
Direct Line Mest
26%
Ars Magia August
23%
Crush Gildarts
22%
Flammes Infernales du Purgatoire God Serena
22%
R.I.P Rakheid
20%
Genesis Zero Midnight
17%
Deus Corona Wendy
15%
Modification du Territoire Minerva
14%
Aucun quiz correspondant
Distribution des résultats
% des personnes avec chaque résultat
Percentile par nombre de réponses
Votre historique - résultats
Vous n’avez pas pris ce quiz